000 00439nam a2200193Ia 4500
008 151121s9999||||xx |||||||||||||| ||und||
082 _a823/NAI
082 _bHNW-46509
100 _aNaipaul V। S।
245 _aGuerrillas
260 _bPenguin Books।
260 _c--
300 _a253
600 _aNaipaul V। S।
630 _aGuerrillas
700 _aNaipaul V। S।
730 _aGuerrillas
942 _cBOOK
999 _c1233063
_d1233060